Group Dynamics and Team Building (Record no. 11517)

MARC details
000 -LEADER
fixed length control field 00388nam a22001697a 4500
003 - CONTROL NUMBER IDENTIFIER
control field OSt
008 - FIXED-LENGTH DATA ELEMENTS--GENERAL INFORMATION
fixed length control field 220906b ||||| |||| 00| 0 eng d
020 ## - INTERNATIONAL STANDARD BOOK NUMBER
International Standard Book Number 9788174468239
082 ## - DEWEY DECIMAL CLASSIFICATION NUMBER
Classification number 658.4022 SAG
100 ## - MAIN ENTRY--PERSONAL NAME
Personal name SAHU,RK
245 ## - TITLE STATEMENT
Title Group Dynamics and Team Building
250 ## - EDITION STATEMENT
Edition statement 1st
260 ## - PUBLICATION, DISTRIBUTION, ETC. (IMPRINT)
Place of publication, distribution, etc New Delhi
Name of publisher, distributor, etc Excel Books
Date of publication, distribution, etc 2010
300 ## - PHYSICAL DESCRIPTION
Extent 450
650 ## - SUBJECT ADDED ENTRY--TOPICAL TERM
Topical term or geographic name as entry element MBA
942 ## - ADDED ENTRY ELEMENTS (KOHA)
Source of classification or shelving scheme Dewey Decimal Classification
Koha item type Text Books
942 ## - ADDED ENTRY ELEMENTS (KOHA)
-- 1
Holdings
Withdrawn status Lost status Source of classification or shelving scheme Damaged status Not for loan Collection code Home library Current library Date acquired Source of acquisition Currency Cost, normal purchase price Bill Number Total Checkouts Full call number Acc. no. / Barcode Date last seen Actual Cost, discounted price Bill Date Koha item type Date last borrowed
    Dewey Decimal Classification     MBA PIET C-LIBRARY PIET C-LIBRARY 29/08/2022 Kirti Praskshan IN Rupees 815.00 IN855   658.4022 SAG 33916 06/09/2022 562.35 29/08/2022 Text Books  
    Dewey Decimal Classification     MBA PIET C-LIBRARY PIET C-LIBRARY 29/08/2022 Kirti Praskshan IN Rupees 815.00 IN855   658.4022 SAG 33917 06/09/2022 562.35 29/08/2022 Text Books  
    Dewey Decimal Classification     MBA PIET C-LIBRARY PIET C-LIBRARY 29/08/2022 Kirti Praskshan IN Rupees 815.00 IN855   658.4022 SAG 33918 06/09/2022 562.35 29/08/2022 Text Books  
    Dewey Decimal Classification     MBA PIET C-LIBRARY PIET C-LIBRARY 29/08/2022 Kirti Praskshan IN Rupees 815.00 IN855   658.4022 SAG 33919 06/09/2022 562.35 29/08/2022 Text Books  
    Dewey Decimal Classification     MBA PIET C-LIBRARY PIET C-LIBRARY 29/08/2022 Kirti Praskshan IN Rupees 815.00 IN855   658.4022 SAG 33920 06/09/2022 562.35 29/08/2022 Text Books  
    Dewey Decimal Classification     MBA PIET C-LIBRARY PIET C-LIBRARY 29/08/2022 Kirti Praskshan IN Rupees 815.00 IN855   658.4022 SAG 33921 06/09/2022 562.35 29/08/2022 Text Books  
    Dewey Decimal Classification     MBA PIET C-LIBRARY PIET C-LIBRARY 29/08/2022 Kirti Praskshan IN Rupees 815.00 IN855   658.4022 SAG 33922 06/09/2022 562.35 29/08/2022 Text Books  
    Dewey Decimal Classification     MBA PIET C-LIBRARY PIET C-LIBRARY 29/08/2022 Kirti Praskshan IN Rupees 815.00 IN855   658.4022 SAG 33923 06/09/2022 562.35 29/08/2022 Text Books  
    Dewey Decimal Classification     MBA PIET C-LIBRARY PIET C-LIBRARY 29/08/2022 Kirti Praskshan IN Rupees 815.00 IN855 1 658.4022 SAG 33924 12/06/2023 562.35 29/08/2022 Text Books 10/02/2023
    Dewey Decimal Classification     MBA PIET C-LIBRARY PIET C-LIBRARY 29/08/2022 Kirti Praskshan IN Rupees 815.00 IN855   658.4022 SAG 33925 06/09/2022 562.35 29/08/2022 Text Books  

Design & Developed by: PIET Central Library
R70 Miles Stone Pattikalyana Samalkha Panipat 132102
mail ID :- [email protected], Phone No:- 0180-2569700 Ex.216